02256 a2200289 450000500170000000800410001704000680005804100080012604100080013424500500014226000490019230000460024150005740028750803090086151101630117052000770133354600940141058601160150465000410162065000330166170000270169471000170172171000300173871000200176876500200178885601580180820140904101349.0140311s2009 ag g 0 m mul d aCO-BoUCMbspacJose A. Gerena (modificó)dAldemar Mondragón aeng aspa00aSherlock HolmescGuy Ritchie, directorh[DVD] aBuenos Aires (Argentina)bWarner Bros.c2009 a1 DVD, 129 minutosbimagen, sonido, color aSINOPSIS: Finalmente, después de la captura de un asesino en serie y oculto "brujo" Lord Blackwood, el legendario detective Sherlock Holmes y su ayudante el Dr. Watson pueden cerrar un caso más con éxito. Pero cuando Blackwood misteriosamente regresa de la tumba y se reanuda su matanza, Holmes debe afrontar la caza, una vez más. Lidiar con la nueva novia de su compañero, el detective intrépido debe desentrañar las pistas que le conducirán a una red trenzada de homicidios, engaños y magia negra - entre el abrazo mortal de la tentadora Irene Adler aCRÉDITOS: Dirigida por Guy Ritchie ; guion por Michael Robert Johnson y Anthony Peckham ; música por Hans Zimmer ; fotografía por Philippe Rousselot ; diseño de producción por Sarah Greenwood ; dirección de arte por James Foster ; ambientación por Katie Spencer ; vestuario por Jenny Beavan0 aREPARTO: Robert Downey Jr., Jude Law, Rachel McAdams, Mark Strong, Eddie Marsan, Robert Maillet, Geraldine James, Kelly Reilly, William Houston, Hans Matheson aBasada en personajes de la novela del mismo nombre de Arthur Conan Doyle aAudio en inglés, francés y español. Subtítulos en inglés, francés y español aGanadora de un premio Golden Globes, 2010 (mejor actuación de un actor en una película - comedia o musical) 7aPelículas cinematográficasvDVD  7aPelículas de acciónvDVD1 aRitchie, Guyedirector2 aWarner Bros.2 aVillage Roadshow Pictures2 aSilver Pictures0 tSherlock Holmes40uhttps://www.youtube.com/watch?v=J7nJksXDBWczSiga este enlace para ver el trailerzTrailer tomado del canal MOVIECLIPS Classic Trailers vía YouTube.com